| 000 | 00989naa a2200301 c 4500 | ||
|---|---|---|---|
| 001 | 39608 | ||
| 003 | ES-MaCES | ||
| 005 | 20150929124558.0 | ||
| 008 | 091209n2009 fr t 000 | fre d | ||
| 035 | _aCES20090010517v | ||
| 040 |
_aES-MaCES _bspa _cES-MaCES |
||
| 100 | 1 |
_aChitour, Elies _99590 |
|
| 245 | 1 | 0 |
_aDubaï dans la tourmente _cElies Chitour |
| 650 | 4 |
_aArabia Saudita _926987 |
|
| 650 | 4 |
_aevaluación del impacto _930732 |
|
| 650 | 4 |
_acrisis económica _927102 |
|
| 650 | 4 |
_aconsecuencias económicas _927082 |
|
| 650 | 4 |
_aendeudamiento _928115 |
|
| 650 | 4 |
_aoferta y demanda _927894 |
|
| 650 | 4 |
_aprecio _927915 |
|
| 650 | 4 |
_abienes inmuebles _931214 |
|
| 653 | 1 | 0 | _aVivienda-Construcción-Urbanismo |
| 650 | 4 |
_928107 _acrédito |
|
| 773 | 0 |
_tProblèmes économiques _gnº 2981 (28 oct. 2009){10191 R. 075478}; p. 44-48 _w(ES-MaCES)25207 _942532 |
|
| 902 | _aART Artículo de revista | ||
| 942 |
_2CES _cAR _h5.2. |
||
| 999 |
_c39608 _d39608 |
||